000 00927nam0a22002411 4500
001 rc\1185903
005 20260407124121.0
035 _a(NLR Aleph) 006427492
090 _a5513791
_c5513791
100 _a20041129d1980 |||y0rusy50 ca
101 0 _arus
102 _aRU
105 _aa |||||||||
200 1 _aРасследование и анализ производственного электротравматизма
_eМетод. указания и рекомендации
_fВНИИ охраны труда
_g[Сост. Г.Ю. Гордон]
210 _aЛ.
_cВНИИОТ
_d1980
215 _a44 с., 1 л. табл.
_cил.
_d21
702 1 _aГордон
_bГ.Ю.
_gГалина Юрьевна
_4220
712 0 2 _aВНИИ охраны труда
_cЛенинград
_3RU\NLR\AUTH\889964950
_9426110
801 0 _aRU
_bNLR
_gpsbo
801 1 _aRU
_bELAR
_2rusmarc
852 _aNLR
_j80-6/6920
942 _cBOOK
980 _aNB